Los de entonces: recuerdos
Salvato in:
| Autore principale: | |
|---|---|
| Natura: | Libro |
| Lingua: | spagnolo |
| Pubblicazione: |
Barcelona
Seix Barral
1987
|
| Soggetti: | |
| Tags: |
Aggiungi Tag
Nessun Tag, puoi essere il primo ad aggiungerne!!
|
MARC
| LEADER | 00000nam a2200000 a 4500 | ||
|---|---|---|---|
| 001 | UCW5554 | ||
| 003 | CL-VaPUC | ||
| 008 | 910606e19870000SP |||||||||||||||||spa|d | ||
| 082 | 0 | 4 | |a 928 |b DON |2 21 |
| 100 | 0 | |a Donoso, María Pilar |e author |9 310566 | |
| 245 | 1 | 4 | |a Los de entonces: recuerdos |
| 300 | |a 283 p | ||
| 942 | |c BK | ||
| 945 | |d 19910606 00:00:00 | ||
| 260 | |a Barcelona |b Seix Barral |c 1987 | ||
| 600 | 0 | 7 | |a DONOSO, MARIA PILAR |2 CL-VaPUC |9 310567 |
| 650 | 0 | |a Autobiografías |9 265171 | |
| 583 | |a last modification |c 19910606 00:00:00 |k Rodrigo Vera | ||
| 999 | |c 218958 |d 218956 | ||
| 952 | |0 0 |1 0 |4 0 |6 928_000000000000000_DON_1987 |7 0 |8 A |9 209340 |a BIBEDU |b BIBEDU |d 2019-11-15 |i 2771683 |o 928 DON 1987 |p 2771683 |r 2019-11-15 |w 2019-11-15 |y BK |k EDU | ||